000 01176nam a22001817a 4500
999 _c6018
_d6018
020 _a99649677
022 _a744369031
050 _aKRX9540
_b.Ab8
100 _a Abrefa-Gyan, Kwame
245 _aCompany and partnership law
_bfor professional and tertiary students
_cKwame Abrefa-Gyan
260 _aAccra :
_b K.N. AB Agencies Ltd,
_c2006.
300 _aIV, 254 p. ;
_c 22 cm
500 _a
505 _aNature and types of companies forms of business organisations- Regulations-- Alternation of the regulations-- Commencement of business-- Promoters -- Capital and financing of company -- Acts by or on behalf of a company -- Shares and share capital Management & administration of a company-- Offices of company -- Auditor -- Meetings and resolutions-- The corporate veil-- Altera vires (the doctrine of limited corporate capacity)-- Majority rule and minority protection-- Representative action-- Receivers and managers-- Winding up (liquidation) Partnership -- functions of the registrar general-- Business properties-- Legal environment of business
650 _aCorporation law -- Ghana.
650 _a Partnership -- Ghana.
942 _cBK